000 00656nam a2200181 4500
001 131279
003 ES-MaACL
005 20230906193943.0
007 t|
008 070214s1924 ag r ||||1| spa d
100 1 _aRodríguez, Alberto J.
_998204
245 1 3 _aLa filosofía del Derecho de Kant
_b: conferencia pronunciada en la Facultad de Filosofía y Letras de Buenos Aires /
_cAlberto J. Rodríguez.
260 _aBuenos Aires :
_b[s.n.],
_c1924 (
_fTip. Araujo)
300 _a22 p. ;
_c26 cm.
500 _aExtracto de la Revista jurídica de ciencias sociales, año XLI.
852 _aES-MaACL
_j1678-F-9
_bR.4874
852 _aES-MaACL
_j1660-F-6
999 _c131279
_d131279